Návrh a vizualizácia inteligentného gyroskopického snímača polohy

Uložené v:
Podrobná bibliografia
Hlavný autor: Zajko, Marián (Autor)
Ďalší autori: Majer, Libor, 1980- (Vedúci práce), Klimkovič, Michail (Vedúci práce)
Médium: Rukopis Kniha
Jazyk:Slovak
Vydavateľské údaje: Bratislava : STU v Bratislave FEI, 2009
Predmet:
Tagy: Pridať tag
Žiadne tagy, Buďte prvý, kto otaguje tento záznam!

MARC

LEADER 00000ntm a22000003a 4500
001 stu195453
005 20150617230027.4
008 091104s2007------------------------slo-d
040 |a STU  |b slo 
041 0 |a slo 
100 1 |a Zajko, Marián  |4 aut  |u E  |T FEI Fakulta elektrotechniky a informatiky  |U E  |Y 30 
245 1 |a Návrh a vizualizácia inteligentného gyroskopického snímača polohy 
260 |a Bratislava :  |b STU v Bratislave FEI,  |c 2009 
300 |a 57 s 
650 7 |a automatizácia  |2 stusub 
650 7 |a robotika  |2 stusub 
650 7 |a vizualizácia  |2 stusub 
650 7 |a diaľkový prenos dát  |2 stusub 
650 7 |a prenos obrazov  |2 stusub 
700 1 |a Majer, Libor,  |d 1980-  |4 ths  |u E030  |U FEI Fakulta elektrotechniky a informatiky  |T FEI Ústav elektroniky a fotoniky  |X 10198  |U E030  |Y 549  |7 A000010198 
700 1 |a Klimkovič, Michail  |4 ths